000 00401nam a2200169 i 4500
001 bg
100 1 _aCONAN, Doyle Arthur.
245 0 _aThe return of Sherlock Holmes /
_cConan A. Doyle.
260 _aHarlow,
_c1989.
490 1 _aLongman Classics
830 _aLongman Classics
040 _cBPK
041 _apol
080 _a820-3
942 _cKS
008 s pl f |000 0 pol
999 _c4378
_d4378
856 _uhttp://koha.tu.koszalin.pl/cgi-bin/koha/opac-detail.pl?biblionumber=4378
_yKatalog online BPK